Η βιολογική καλλιέργεια της ελιάς : η περίπτωση της Σητείας
Αποθηκεύτηκε σε:
| Κύριος συγγραφέας: | |
|---|---|
| Συγγραφή απο Οργανισμό/Αρχή: | |
| Μορφή: | Thesis Βιβλίο |
| Γλώσσα: | Greek |
| Δημοσίευση: |
2008.
|
| Θέματα: | |
| Διαθέσιμο Online: | http://hdl.handle.net/11610/15360 |
| Ετικέτες: |
Προσθήκη ετικέτας
Δεν υπάρχουν, Καταχωρήστε ετικέτα πρώτοι!
|
MARC
| LEADER | 00000cam a2200000 i 4500 | ||
|---|---|---|---|
| 001 | 1/104636 | ||
| 008 | 090504s2008 gr | ||| |||| ||gre|| | ||
| 035 | |l 10104493 | ||
| 040 | |a GR-MyUa |b gre |e AACR2 | ||
| 041 | 0 | |a gre | |
| 082 | 7 | |a 338.1 |2 (22) | |
| 100 | 1 | |a Κουρουπάκης, Εμμανουήλ. | |
| 245 | 1 | 2 | |a Η βιολογική καλλιέργεια της ελιάς : |b η περίπτωση της Σητείας / |c Κουρουπάκης Εμμανουήλ ; υπεύθυνος καθηγητής: Ν.Γ. Δαναλάτος. |
| 260 | |c 2008. | ||
| 300 | |a 143 σ. : |b πίν., εικ., σχ. ; |c 30 εκ. | ||
| 500 | |a Βιβλιογραφία: σ. 140-143. | ||
| 502 | |a Διατριβή (μεταπτυχιακή) – Πανεπιστήμιο Αιγαίου, Λέσβος, 2008. | ||
| 650 | 0 | |a Agriculture |z Greece |z Seteia. | |
| 650 | 0 | |a Olive |z Greece |z Seteia. | |
| 650 | 0 | |a Olive industry and trade |z Greece |z Seteia. | |
| 650 | 0 | |a Dissertations, Academic |z Greece. | |
| 700 | 1 | |a Δαναλάτος, Νίκος, |e dgs | |
| 710 | 2 | |a Πανεπιστήμιο Αιγαίου |b Σχολή Περιβάλλοντος |b Τμήμα Περιβάλλοντος |b Πρόγραμμα Μεταπτυχιακών Σπουδών Γεωργία και Περιβάλλον. | |
| 852 | |a INST |b LESVOS |c DIATR |e 20090504 |h 235 |p 005100045404 |q 005100045404 |t MTXE |y 23 | ||
| 852 | |a INST |b LESVOS |c DIATR |e 20090504 |h 236 |p 005100045403 |q 005100045403 |t MTXE |y 23 | ||
| 856 | |u http://hdl.handle.net/11610/15360 | ||
| 901 | |a BIBL1-2009-2 | ||
| 924 | |a ΚΟΥΡΟΥΠΑΚΗΣ |b ΕΜΜΑΝΟΥΗΛ |y Λέσβος |z 2008-11 | ||
| 970 | |a ΤΖΑΦΕΡΗ |b ΕΥΑΓΓΕΛΙΑ |z 2009/05/04 | ||